Simulación de un concentrador parabólico cilíndrico
Պահպանված է:
| Հիմնական հեղինակ: | |
|---|---|
| Ձևաչափ: | Անհայտ |
| Հրապարակվել է: |
[San José, Costa Rica]
1981
|
| Խորագրեր: | |
| Ցուցիչներ: |
Ավելացրեք ցուցիչ
Չկան պիտակներ, Եղեք առաջինը, ով նշում է այս գրառումը!
|
MARC
| LEADER | 00000 a2200000 4500 | ||
|---|---|---|---|
| 003 | 001599 | ||
| 005 | 20221231143742.0 | ||
| 008 | 140114s1982 c a m 000 ||s d | ||
| 040 | |c cru CEDI | ||
| 090 | |a TFG 1018 | ||
| 100 | |a Barrantes Hernández, Alexander |9 15859 | ||
| 245 | |a Simulación de un concentrador parabólico cilíndrico | ||
| 260 | |c 1981 |a [San José, Costa Rica] | ||
| 300 | |a 121 hojas : ilustraciones ; 28 cm | ||
| 500 | |a Tesis (licenciatura en ingeniería química)--Universidad de Costa Rica. Facultad de Ingeniería. Escuela de Ingeniería Química | ||
| 650 | |x ENERGIA SOLAR |9 15860 | ||
| 942 | |c TFG | ||
| 999 | |c 11280 |d 11280 | ||
